| 000 | 02566nam a2200349 i 4500 | ||
|---|---|---|---|
| 999 |
_c65012 _d65012 |
||
| 001 | 768714001 | ||
| 003 | CO-MdFUSB | ||
| 005 | 20190510132513.0 | ||
| 008 | 190507t1958 -us |||| |||| 00| 0 eng d | ||
| 020 | _a081040531 | ||
| 040 |
_aCO-MdFUSB _bspa _cCO-MdFUSB _dCO-MdFUSBC _erda |
||
| 041 | _aeng | ||
| 082 |
_222 _a220.12 _bH521 |
||
| 100 |
_aHenry, Carl F.H, _eeditor |
||
| 245 | 1 |
_aRevelation and the Bible : _bcontemporary evangelical thought _c/ Carl F. H. Henry |
|
| 264 | 1 |
_aMichigan, Estados Unidos : _bBaker Books, _c[1958] |
|
| 264 | 4 | _c© 1958 | |
| 300 |
_a413 páginas _c; 22 cm |
||
| 336 |
_2rdacontent _atexto _btxt |
||
| 337 |
_2rdamedia _asin mediación _bn |
||
| 338 |
_2rdacarrier _avolumen _bnc |
||
| 490 | _aTwin brooks series | ||
| 504 | _aIncluye bibliografía ( páginas 403-411) | ||
| 505 | _aRevelación divina general y especial./ G. C. Berkouwer -- Revelación divina especial como racional. / Gordon H.Clark -- Revelaciones especiales como históricas y personales. Paul K. Jewett. -- La revelación especial como objetivo. / William J. Martin -- Revelación especial como escritura. / Ned B. Stonehouse. -- Vistas contemporáneas de la revelación. / James I. Packer. -- El testimonio de la escritura a su inspiración. Alan M. Stibbs-- El uso de las escrituras por nuestro señor. Pierre Ch. Marcel -- Nuevo Testamento usa el Antiguo Testamento./Roger Nicole -- El canon del Antiguo Testamento. / Edward J. Young.-- Los apócrifos. / G.Douglas Young. -- El canon del nuevo testamento./ Herman Ridderbos.-- La doctrina de la iglesia de la inspiración. / Geoffrey W.Bromiley-- Ideas contemporáneas de inspiración. / R.A. Finlayson.-- Los fenómenos de la escritura. / Everett F. Harrison. -- La evidencia de la profecía y el milagro. / Bernard Ramm. -- El espíritu santo y las escrituras. / J. Theodore Mueller. -- Los principios de la interpretación. / Ernest F. Kevan.-- Confirmación arqueológica del antiguo testamento. / Donald J. Wiseman -- Confirmación arqueológica del nuevo testamento. / F.F. Bruce. -- Reversiones de la crítica del Antiguo Testamento. / Nic H. Ridderbos. -- Reversiones de la crítica del Nuevo Testamento. / Merrill C. Tenney. -- Autoridades y la biblia. / J. Norval Geldenhuys.-- La unidad de la biblia. / Frank E. Gaebelein | ||
| 563 | _aRústico | ||
| 630 | 7 |
_aBiblia. _xCrítica, interpretación, etc. |
|
| 650 | 0 |
_9360 _aBiblia _bEvidencias, autoridad, etc. |
|
| 650 | 0 |
_91078 _aRevelación en la Biblia |
|
| 650 | 0 |
_91075 _aInspiración |
|
| 653 | _aCanon bíblico. | ||
| 942 | _cBK | ||